[Event "Rated Rapid game"]
[Site "?"]
[Date "2021.07.28"]
[Round "?"]
[White "rita2021"]
[Black "Pashkomarku"]
[Result "1-0"]
[WhiteElo "2454"]
[BlackElo "2353"]
[PlyCount "77"]
[EventDate "2021.??.??"]
[EventType "rapid"]

1. e4 e5 2. Nf3 d5 3. exd5 Qxd5 4. Nc3 Qe6 5. Bb5+ Bd7 6. O-O Qb6 7. Qe2 f6 8.
d4 Bxb5 9. Nxb5 a6 10. Nc3 Nd7 11. dxe5 O-O-O 12. e6 Nc5 13. Re1 Re8 14. Nd4
Qd6 15. Be3 Nxe6 16. Rad1 Nxd4 17. Rxd4 Qxd4 18. Bxd4 Rxe2 19. Rxe2 Ne7 20. Bc5
Kd7 21. g4 c6 22. Rd2+ Ke6 23. Rd6+ Kf7 24. Rd7 b5 25. Ne4 Ke6 26. Ra7 Ng6 27.
Rxa6 Bxc5 28. Nxc5+ Kd5 29. Nd3 Ne5 30. Nxe5 fxe5 31. Ra7 g6 32. Kg2 e4 33. b3
c5 34. a4 bxa4 35. bxa4 Kd4 36. a5 Kc3 37. a6 c4 38. Rc7 Ra8 39. a7 {Normal}
1-0

[Event "Rated Blitz game"]
[Site "?"]
[Date "2021.07.28"]
[Round "?"]
[White "Antropterix"]
[Black "lavilaine"]
[Result "0-1"]
[WhiteElo "2454"]
[BlackElo "2420"]
[PlyCount "116"]
[EventDate "2021.??.??"]
[EventType "blitz"]

1. e4 e5 2. Nf3 d5 3. exd5 e4 4. Qe2 f5 5. d3 Nf6 6. dxe4 fxe4 7. Ng5 Qxd5 8.
Nc3 Bb4 9. Qb5+ Qxb5 10. Bxb5+ c6 11. Bc4 Bxc3+ 12. bxc3 b5 13. Bb3 Bg4 14. h3
Bh5 15. Ne6 Na6 16. Nxg7+ Kf8 17. Bh6 Ng8 18. Ne6+ Ke7 19. Bg7 Bf7 20. Ng5 Bxb3
21. axb3 Nc5 22. b4 Na4 23. Nxe4 Nh6 24. Bxh6 Rhe8 25. O-O Ke6 26. Rfe1 Kd5 27.
f3 Kc4 28. Bg7 Rad8 29. Bd4 h5 30. Bxa7 Nxc3 31. Nxc3 Kxc3 32. Bc5 Kxc2 33.
Rxe8 Rxe8 34. Ra6 Re6 35. Kf2 h4 36. f4 Kd3 37. Kf3 Kc4 38. f5 Rf6 39. Ke4 Rf7
40. Rxc6 Kb3 41. f6 Ka4 42. Kf5 Rd7 43. Be7 Rd3 44. Ra6+ Kb3 45. Re6 Rd1 46.
Re3+ Ka4 47. f7 Rf1+ 48. Rf3 Rd1 49. f8=Q Rd5+ 50. Ke6 Re5+ 51. Kf7 Rxe7+ 52.
Kg8 Kxb4 53. Qxe7+ Ka4 54. Qe4+ b4 55. Rf4 Kb5 56. Qxb4+ Kc6 57. Rf6+ Kd5 58.
Rd6+ Ke5 {Time forfeit} 0-1

[Event "Rated Blitz game"]
[Site "?"]
[Date "2021.07.28"]
[Round "?"]
[White "pipandchuk"]
[Black "annaly1979"]
[Result "1-0"]
[WhiteElo "2432"]
[BlackElo "2406"]
[PlyCount "37"]
[EventDate "2021.??.??"]
[EventType "blitz"]

1. e4 e5 2. Nf3 d5 3. exd5 e4 4. Nd4 c5 5. Ne2 f5 6. c3 Nf6 7. c4 Bd6 8. d3 O-O
9. dxe4 fxe4 10. Be3 Bf5 11. Nbc3 h6 12. h3 Nbd7 13. g4 Bg6 14. Bg2 a6 15. Nf4
Bxf4 16. Bxf4 Qb6 17. Qb3 Qxb3 18. axb3 Nxd5 19. Nxd5 {Normal} 1-0

[Event "Rated Blitz game"]
[Site "?"]
[Date "2021.07.28"]
[Round "?"]
[White "OsloTrondheim2021"]
[Black "rofaidah"]
[Result "0-1"]
[WhiteElo "2676"]
[BlackElo "2466"]
[PlyCount "133"]
[EventDate "2021.??.??"]
[EventType "blitz"]

1. e4 e5 2. Nf3 d5 3. exd5 e4 4. Qe2 Nf6 5. d3 Bf5 6. Nd4 Qxd5 7. Nxf5 Qxf5 8.
dxe4 Qxe4 9. Nc3 Bb4 10. Bd2 Bxc3 11. Bxc3 Qxe2+ 12. Bxe2 Nbd7 13. O-O-O O-O-O
14. Bf3 h6 15. Rhe1 Rhe8 16. h4 c6 17. g4 Kc7 18. g5 hxg5 19. hxg5 Nd5 20. Bxd5
cxd5 21. Bxg7 Rg8 22. Be5+ Nxe5 23. Rxe5 Kc6 24. Rf5 Rd7 25. Rf6+ Kc5 26. f4
Rh8 27. b3 b5 28. Kb2 a5 29. Rd2 a4 30. Ra6 axb3 31. axb3 Rh4 32. c3 b4 33.
cxb4+ Kxb4 34. Rb6+ Kc5 35. Rf6 Rh3 36. g6 fxg6 37. Rxg6 Rb7 38. Rc2+ Kd4 39.
Rg4 Rhxb3+ 40. Kc1 Ke3 41. Rg3+ Kxf4 42. Rxb3 Rxb3 43. Kd2 Rh3 44. Rc8 Ke4 45.
Ra8 Rh2+ 46. Kd1 d4 47. Ra3 Rb2 48. Ke1 Rc2 49. Kd1 Rc6 50. Rh3 Rf6 51. Rh4+
Kd5 52. Rh3 Kc4 53. Rg3 Rf2 54. Ke1 Rc2 55. Kd1 Rc3 56. Rg8 Rh3 57. Kd2 Rd3+
58. Kc2 Rh3 59. Rg2 Ra3 60. Rg4 Ra2+ 61. Kb1 Re2 62. Rg3 Re3 63. Rxe3 dxe3 64.
Kc2 Kd4 65. Kc1 Kc3 66. Kd1 Kd3 67. Ke1 {Normal} 0-1

[Event "Rated Blitz game"]
[Site "?"]
[Date "2021.07.28"]
[Round "?"]
[White "good_knight_kisses"]
[Black "annaly1979"]
[Result "0-1"]
[WhiteElo "2446"]
[BlackElo "2405"]
[PlyCount "78"]
[EventDate "2021.??.??"]
[EventType "blitz"]

1. e4 e5 2. Nf3 d5 3. exd5 e4 4. Qe2 f5 5. d3 Nf6 6. dxe4 fxe4 7. Nc3 Be7 8.
Nxe4 Nxe4 9. Qxe4 O-O 10. Be3 Bf5 11. Qc4 Bd6 12. O-O-O a6 13. Bd3 b5 14. Qb3
Nd7 15. Bxf5 Rxf5 16. Nd4 Nc5 17. Qc3 Rxd5 18. Nc6 Rxd1+ 19. Rxd1 Qf8 20. f3
Na4 21. Qb3+ Kh8 22. Bd4 Re8 23. Qd5 Qf4+ 24. Kb1 Nb6 25. Bxb6 cxb6 26. g3 Qf6
27. a3 Bf8 28. f4 g6 29. Ne5 h5 30. Qe4 Kh7 31. Rd7+ Bg7 32. Qb7 Rg8 33. Rf7
Qd6 34. Qe4 Qe6 35. h3 Rd8 36. b3 Re8 37. g4 Qxf7 38. gxh5 Bxe5 39. hxg6+ Qxg6
{Normal} 0-1

[Event "Rated Blitz game"]
[Site "?"]
[Date "2021.07.28"]
[Round "?"]
[White "K_A_L_E"]
[Black "superior2017"]
[Result "1-0"]
[WhiteElo "2430"]
[BlackElo "2393"]
[PlyCount "145"]
[EventDate "2021.??.??"]
[EventType "blitz"]

1. e4 e5 2. Nf3 d5 3. exd5 e4 4. Nd4 Qxd5 5. Nb3 Bd6 6. Nc3 Qe5 7. Qe2 Nf6 8.
d4 exd3 9. Qxe5+ Bxe5 10. Bxd3 Nc6 11. Bd2 Nb4 12. O-O Nxd3 13. cxd3 O-O 14. d4
Bd6 15. Nb5 Rd8 16. Rfe1 Be6 17. Nxd6 Rxd6 18. Bf4 Rd7 19. Nc5 Rxd4 20. Be5 Rb4
21. a3 Rb5 22. b4 a5 23. Bxc7 axb4 24. axb4 Rc8 25. Nxe6 fxe6 26. Bd6 Kf7 27.
h3 Nd5 28. Re4 Rc6 29. Bc5 b6 30. Ra7+ Rc7 31. Rxc7+ Nxc7 32. Bd6 Nd5 33. Kh2
Nf6 34. Rc4 Ne8 35. Be5 Ke7 36. f4 g5 37. Kg3 gxf4+ 38. Kxf4 Nf6 39. Bxf6+ Kxf6
40. g4 Rd5 41. h4 b5 42. Re4 e5+ 43. Ke3 h6 44. Ke2 Ke6 45. Ke3 Rd1 46. Kf2 Rh1
47. Kg3 Rg1+ 48. Kh3 Rd1 49. Re2 Rd3+ 50. Kg2 Rd4 51. Ra2 Rxg4+ 52. Kh3 Kf5 53.
Ra6 h5 54. Ra8 Rxb4 55. Rf8+ Ke4 56. Rh8 Rb3+ 57. Kg2 Rb2+ 58. Kf1 Ke3 59. Rxh5
e4 60. Rc5 Rb1+ 61. Kg2 b4 62. Rc8 b3 63. Rb8 Ke2 64. h5 e3 65. h6 Rf1 66. h7
Rf2+ 67. Kg3 Rf3+ 68. Kg4 Rf2 69. Rxb3 Rh2 70. Rb7 Kf2 71. Rf7+ Ke1 72. Re7 e2
73. Rxe2+ {Time forfeit} 1-0

[Event "Rated Blitz game"]
[Site "?"]
[Date "2021.07.28"]
[Round "?"]
[White "TysonT"]
[Black "Schachelite"]
[Result "0-1"]
[WhiteElo "2403"]
[BlackElo "2519"]
[PlyCount "62"]
[EventDate "2021.??.??"]
[EventType "blitz"]

1. e4 e5 2. Nf3 d5 3. exd5 e4 4. Qe2 Nf6 5. d3 Qxd5 6. Nc3 Bb4 7. Bd2 Bxc3 8.
Bxc3 O-O 9. dxe4 Nxe4 10. Rd1 Nxc3 11. Rxd5 Nxe2 12. Bxe2 Nc6 13. O-O Nb4 14.
Rd2 Be6 15. a3 Nd5 16. Rfd1 Nb6 17. Ng5 Bf5 18. g4 Bg6 19. f4 h6 20. f5 Bxf5
21. gxf5 hxg5 22. Kf2 Rfe8 23. Bf3 c6 24. b3 Re5 25. Bg4 Kf8 26. Kg3 Re3+ 27.
Kf2 Rae8 28. Re2 Nd5 29. Rde1 Rxe2+ 30. Rxe2 Rxe2+ 31. Bxe2 Ke7 {Normal} 0-1

[Event "Rated Blitz game"]
[Site "?"]
[Date "2021.07.28"]
[Round "?"]
[White "alchemical1969"]
[Black "blastol"]
[Result "1-0"]
[WhiteElo "2419"]
[BlackElo "2454"]
[PlyCount "60"]
[EventDate "2021.??.??"]
[EventType "blitz"]

1. e4 e5 2. Nf3 d5 3. exd5 Bd6 4. Nc3 Nf6 5. d3 h6 6. g3 c6 7. dxc6 Nxc6 8. Bg2
O-O 9. O-O Bg4 10. h3 Be6 11. Ne4 Be7 12. c3 Qd7 13. Qc2 Bxh3 14. Be3 Nd5 15.
Bc5 Bxg2 16. Kxg2 Qg4 17. Nh2 Qg6 18. Bxe7 Ncxe7 19. Rae1 Rad8 20. Kg1 Nf4 21.
Re3 Nf5 22. Rf3 Nh4 23. Re3 f5 24. Nd2 Nh3+ 25. Kh1 f4 26. Re4 fxg3 27. fxg3
Qxg3 28. Rg4 Rxf1+ 29. Ndxf1 Qxg4 30. Nxg4 Rf8 {Normal} 1-0

[Event "Rated Blitz game"]
[Site "?"]
[Date "2021.07.28"]
[Round "?"]
[White "Strauss5"]
[Black "annaly1979"]
[Result "1-0"]
[WhiteElo "2419"]
[BlackElo "2396"]
[PlyCount "105"]
[EventDate "2021.??.??"]
[EventType "blitz"]

1. e4 e5 2. Nf3 d5 3. exd5 e4 4. Ne5 Bd6 5. Nc4 Nf6 6. Nc3 h6 7. d3 exd3 8.
Bxd3 O-O 9. O-O Bg4 10. f3 Bc8 11. Nxd6 Qxd6 12. Kh1 a6 13. a4 Nbd7 14. Bc4 Nb6
15. Bb3 Bf5 16. Be3 Rfe8 17. Bf2 Nbd7 18. Qd2 Nc5 19. Bc4 Rad8 20. Rad1 Bg6 21.
b3 Ncd7 22. Bg3 Qb4 23. Bxc7 Rc8 24. d6 Ne5 25. Bd5 Ned7 26. h3 Qc5 27. Bxb7
Rxc7 28. dxc7 Qxc7 29. Bd5 Rc8 30. Ne4 Nxd5 31. Qxd5 Nb6 32. Qd6 Qxd6 33. Rxd6
Na8 34. c4 Rb8 35. Nc5 Nc7 36. Re1 Bc2 37. Re3 Rc8 38. Rc3 Bf5 39. Nxa6 Nxa6
40. Rxa6 h5 41. b4 Be6 42. c5 Bd5 43. b5 g5 44. c6 g4 45. c7 gxf3 46. gxf3 Kg7
47. Rd6 Bb7 48. Rd8 Rxc7 49. Rxc7 Bxf3+ 50. Kh2 Kf6 51. b6 h4 52. b7 Bxb7 53.
Rxb7 {Normal} 1-0

[Event "Rated Blitz game"]
[Site "?"]
[Date "2021.07.28"]
[Round "?"]
[White "Rivuza"]
[Black "KamranShirazi"]
[Result "0-1"]
[WhiteElo "2642"]
[BlackElo "2559"]
[PlyCount "132"]
[EventDate "2021.??.??"]
[EventType "blitz"]

1. e4 e5 2. Nf3 d5 3. exd5 e4 4. Qe2 Nf6 5. d3 Bb4+ 6. c3 O-O 7. dxe4 Bc5 8.
Bg5 c6 9. dxc6 Nxc6 10. Nbd2 Re8 11. O-O-O Bg4 12. h3 Bxf3 13. gxf3 Qc7 14.
Bxf6 gxf6 15. Nb3 Bb6 16. Kb1 Qf4 17. Rg1+ Kh8 18. Rg4 Qh6 19. Qd2 Qxd2 20.
Rxd2 Rad8 21. Rxd8 Rxd8 22. Be2 Bxf2 23. Rf4 Kg7 24. Rf5 Ne5 25. Kc2 Bg3 26.
Nd4 a6 27. a4 Bf2 28. Nb3 Ng6 29. Rd5 Re8 30. Bf1 Nf4 31. Rd7 b5 32. axb5 axb5
33. Bxb5 Nxh3 34. Rd2 Rb8 35. Bd7 Be3 36. Bxh3 Bxd2 37. Nxd2 Kg6 38. f4 Kh5 39.
b4 Kh4 40. Bf5 h5 41. Nf1 Rxb4 42. Kd3 Ra4 43. Ne3 Kg3 44. Bd7 Ra7 45. Bc8 Rc7
46. Bf5 Ra7 47. c4 Kxf4 48. c5 Ra3+ 49. Kd4 Rxe3 50. c6 Re1 51. c7 Rc1 52. c8=Q
Rd1+ 53. Kc5 Rc1+ 54. Kd5 Rd1+ 55. Kc5 Rc1+ 56. Kd5 Rxc8 57. Bxc8 f5 58. Bxf5
h4 59. Kd6 Kg5 60. Ke7 f6 61. Bh3 Kg6 62. Ke6 Kg5 63. Bf5 Kf4 64. Kxf6 h3 65.
e5 h2 66. e6 h1=Q {Time forfeit} 0-1

[Event "Rated Blitz game"]
[Site "?"]
[Date "2021.07.28"]
[Round "?"]
[White "micfel"]
[Black "KamranShirazi"]
[Result "0-1"]
[WhiteElo "2537"]
[BlackElo "2559"]
[PlyCount "38"]
[EventDate "2021.??.??"]
[EventType "blitz"]

1. e4 e5 2. Nf3 d5 3. Nxe5 Bd6 4. d4 dxe4 5. Be2 Bxe5 6. dxe5 Qxd1+ 7. Bxd1 Nc6
8. Nc3 Nxe5 9. Nxe4 Bf5 10. Ng3 Bg6 11. O-O O-O-O 12. Bf4 f6 13. Re1 Ne7 14.
Bxe5 fxe5 15. Rxe5 Nc6 16. Re1 Rhe8 17. Rxe8 Rxe8 18. c3 Re1+ 19. Nf1 Kd8 {
Normal} 0-1

[Event "Rated Blitz game"]
[Site "?"]
[Date "2021.07.27"]
[Round "?"]
[White "simplesimpson03"]
[Black "annaly1979"]
[Result "1/2-1/2"]
[WhiteElo "2432"]
[BlackElo "2388"]
[PlyCount "126"]
[EventDate "2021.??.??"]
[EventType "blitz"]

1. e4 e5 2. Nf3 d5 3. exd5 e4 4. Qe2 f5 5. d3 Nf6 6. Nc3 Bb4 7. Bd2 Bxc3 8.
Bxc3 O-O 9. dxe4 Nxe4 10. Qc4 Nxc3 11. Qxc3 Re8+ 12. Be2 Nd7 13. Nd4 Nf6 14.
O-O-O Nxd5 15. Bc4 c6 16. Rhe1 Kh8 17. Qf3 h6 18. Rxe8+ Qxe8 19. Nxf5 Bxf5 20.
Qxf5 Rd8 21. Bd3 Nf6 22. g4 a5 23. h4 Rd5 24. Qf4 Qe5 25. Qf3 Rd4 26. Rg1 Qf4+
27. Qe3 Qxe3+ 28. fxe3 Rxg4 29. Rxg4 Nxg4 30. Kd2 Kg8 31. Bf5 Nf6 32. a4 Kf7
33. Bc8 b6 34. Bb7 c5 35. Kd3 Ke6 36. Kc4 Kd6 37. Kb5 Kc7 38. Bf3 Nd7 39. Be2
Ne5 40. c3 g5 41. hxg5 hxg5 42. b4 cxb4 43. cxb4 axb4 44. Kxb4 g4 45. Kc3 g3
46. Bf1 Ng4 47. Kd2 Kd6 48. Bh3 Nf2 49. Bg2 Kc5 50. Ke2 Kb4 51. Kf3 Kxa4 52.
Kxg3 Nd3 53. Be4 Nc5 54. Bc6+ Kb4 55. Kf4 Kc4 56. e4 b5 57. Bxb5+ Kxb5 58. e5
Kc6 59. e6 Nd3+ 60. Ke3 Ne5 61. e7 Ng4+ 62. Kf4 Nf6 63. e8=Q+ Nxe8 {Normal}
1/2-1/2

[Event "Rated Blitz game"]
[Site "?"]
[Date "2021.07.27"]
[Round "?"]
[White "Voat"]
[Black "GoughPhar"]
[Result "1-0"]
[WhiteElo "2585"]
[BlackElo "2467"]
[PlyCount "71"]
[EventDate "2021.??.??"]
[EventType "blitz"]

1. e4 e5 2. Nf3 d5 3. exd5 e4 4. Qe2 Nf6 5. Nc3 Be7 6. Nxe4 O-O 7. d3 Re8 8.
Bd2 Qxd5 9. Nxf6+ gxf6 10. Qe4 Qxe4+ 11. dxe4 Bd6 12. Bd3 f5 13. e5 Bxe5 14.
O-O-O Nc6 15. Bb5 Bg7 16. Rhe1 Be6 17. a3 Red8 18. Bg5 Rxd1+ 19. Rxd1 Ne5 20.
Nxe5 Bxe5 21. Bd7 Bxd7 22. Rxd7 Bd6 23. Bh6 Bxh2 24. g3 f4 25. Bxf4 Bg1 26. Be3
Rc8 27. Rd1 Bh2 28. Rh1 Bxg3 29. fxg3 Kg7 30. Bd4+ Kg6 31. Rf1 c5 32. Bc3 f5
33. Rd1 Rc7 34. Rd6+ Kg5 35. Be5 Re7 36. Bf6+ {Normal} 1-0

[Event "Rated Blitz game"]
[Site "?"]
[Date "2021.07.27"]
[Round "?"]
[White "Gabriel_Young"]
[Black "artsportscience"]
[Result "1/2-1/2"]
[WhiteElo "2422"]
[BlackElo "2374"]
[PlyCount "47"]
[EventDate "2021.??.??"]
[EventType "blitz"]

1. e4 e5 2. Nf3 d5 3. Nxe5 Bd6 4. d4 dxe4 5. Bc4 Bxe5 6. dxe5 Qxd1+ 7. Kxd1 Nc6
8. Bf4 Nge7 9. Nc3 Bf5 10. Re1 O-O-O+ 11. Kc1 Ng6 12. g3 Ngxe5 13. Bb5 Rhe8 14.
b3 Ng4 15. Re2 Nxh2 16. Kb2 Nf3 17. Rh1 Nfd4 18. Bxc6 Nxc6 19. Rhe1 Nd4 20. Re3
Nf3 21. R1e2 Nd4 22. Re1 Nf3 23. R1e2 Nd4 24. Re1 {Normal} 1/2-1/2

[Event "Rated Blitz game"]
[Site "?"]
[Date "2021.07.27"]
[Round "?"]
[White "shishini38"]
[Black "Schachelite"]
[Result "0-1"]
[WhiteElo "2418"]
[BlackElo "2498"]
[PlyCount "68"]
[EventDate "2021.??.??"]
[EventType "blitz"]

1. e4 e5 2. Nf3 d5 3. d3 dxe4 4. dxe4 Qxd1+ 5. Kxd1 Bg4 6. Nbd2 Nc6 7. c3 Bc5
8. Ke1 O-O-O 9. Be2 f6 10. b4 Bb6 11. Nc4 Nge7 12. a4 a6 13. b5 Na5 14. Nxb6+
cxb6 15. bxa6 bxa6 16. Bxa6+ Kc7 17. Be3 Rd6 18. Ke2 Rhd8 19. Rhd1 Be6 20. Rxd6
Rxd6 21. Rb1 Ba2 22. Rb4 Bb3 23. Nd2 Bc2 24. g3 g5 25. f4 gxf4 26. gxf4 Ng6 27.
fxe5 Nxe5 28. Nf3 Bd1+ 29. Kf2 Bxf3 30. Bd4 Bxe4 31. Ke3 Bb7 32. Be2 Bd5 33. c4
Naxc4+ 34. Bxc4 Nxc4+ {Normal} 0-1

[Event "Rated Blitz tournament laolJAJk"]
[Site "?"]
[Date "2021.07.27"]
[Round "?"]
[White "stambul65"]
[Black "cuerosky"]
[Result "1-0"]
[WhiteElo "2471"]
[BlackElo "2238"]
[PlyCount "93"]
[EventDate "2021.??.??"]
[EventType "blitz"]

1. e4 e5 2. Nf3 d5 3. d4 dxe4 4. Nxe5 Bd6 5. Nc3 Bxe5 6. dxe5 Qxd1+ 7. Kxd1 Nc6
8. Nxe4 Bf5 9. Bd3 O-O-O 10. Ke2 Nxe5 11. Bf4 Nxd3 12. cxd3 Re8 13. f3 Nf6 14.
Rac1 Nd5 15. Bg3 Re7 16. Kd2 Rd8 17. Nd6+ Rxd6 18. Bxd6 Rd7 19. Bg3 Nb4 20. Rc4
Nxd3 21. Kc3 b5 22. Rd4 Rxd4 23. Kxd4 Nxb2 24. Rc1 Nc4 25. a4 a6 26. axb5 axb5
27. Kc5 Bd7 28. Re1 Kd8 29. Ra1 Ne3 30. Ra7 Nxg2 31. Bxc7+ Ke7 32. Bg3 Ne3 33.
Ra3 Nf5 34. Rd3 h5 35. Bd6+ Ke6 36. Bc7 g5 37. Rd2 Bc8 38. Bd8 Bb7 39. Bxg5
Bxf3 40. Kxb5 Ke5 41. Bd8 Be4 42. Bc7+ Ke6 43. Kc5 Nh4 44. Rd6+ Ke7 45. Bd8+
Ke8 46. Bxh4 f5 47. Kd4 {Normal} 1-0

[Event "Rated Blitz tournament laolJAJk"]
[Site "?"]
[Date "2021.07.27"]
[Round "?"]
[White "rasulovvugar"]
[Black "chessbi"]
[Result "1-0"]
[WhiteElo "2708"]
[BlackElo "2202"]
[PlyCount "85"]
[EventDate "2021.??.??"]
[EventType "blitz"]

1. e4 e5 2. Nf3 d5 3. d4 dxe4 4. Nxe5 Bd6 5. Nc3 Bxe5 6. dxe5 Qxd1+ 7. Nxd1 Nc6
8. Bf4 Bf5 9. Nc3 O-O-O 10. Bc4 f6 11. e6 Nge7 12. O-O Nd4 13. Rad1 Nxe6 14.
Be3 b6 15. Nb5 Kb7 16. h3 a6 17. Nc3 Rxd1 18. Rxd1 Rd8 19. g4 Rxd1+ 20. Nxd1 b5
21. gxf5 bxc4 22. fxe6 Kc6 23. Nc3 Kd6 24. Nxe4+ Kxe6 25. Kg2 Kd5 26. Kf3 f5
27. Nc3+ Ke6 28. Bd4 g5 29. Na4 Kd5 30. c3 h5 31. Nc5 a5 32. Nd7 Ke6 33. Nc5+
Kd5 34. a4 Ng6 35. Nb7 g4+ 36. hxg4 hxg4+ 37. Kg3 Ke4 38. Nxa5 Nf4 39. Nxc4
Ne2+ 40. Kh2 Nxd4 41. cxd4 Kxd4 42. a5 Kxc4 43. a6 {Normal} 1-0

[Event "Rated Blitz game"]
[Site "?"]
[Date "2021.07.27"]
[Round "?"]
[White "Kudritsky_Maksim_04"]
[Black "pasha1984"]
[Result "0-1"]
[WhiteElo "2409"]
[BlackElo "2379"]
[PlyCount "42"]
[EventDate "2021.??.??"]
[EventType "blitz"]

1. e4 e5 2. Nf3 d5 3. Nxe5 dxe4 4. d4 Bd6 5. Bc4 Bxe5 6. dxe5 Qxd1+ 7. Kxd1 Nc6
8. Bf4 Nge7 9. Nd2 Bf5 10. Re1 Ng6 11. Bg3 O-O-O 12. c3 Ngxe5 13. Kc2 Rxd2+ 14.
Kxd2 Nxc4+ 15. Kc1 N6e5 16. Bxe5 Nxe5 17. Kd2 Rd8+ 18. Ke2 Nd3 19. Reb1 Nf4+
20. Kf1 e3 21. Rd1 e2+ {Normal} 0-1

[Event "Rated Blitz game"]
[Site "?"]
[Date "2021.07.27"]
[Round "?"]
[White "GhengisClown"]
[Black "blastol"]
[Result "1-0"]
[WhiteElo "2392"]
[BlackElo "2438"]
[PlyCount "47"]
[EventDate "2021.??.??"]
[EventType "blitz"]

1. e4 e5 2. Nf3 d5 3. exd5 Bd6 4. Nc3 Nf6 5. Bb5+ c6 6. dxc6 bxc6 7. Be2 e4 8.
Ng5 O-O 9. d3 exd3 10. Qxd3 Ba6 11. Qf3 h6 12. Nh3 Bxe2 13. Nxe2 Qc7 14. Bxh6
Re8 15. O-O Bxh2+ 16. Kh1 Be5 17. Bf4 Nbd7 18. Bxe5 Nxe5 19. Qf5 Neg4 20. Ng3
Re2 21. Rae1 Rae8 22. Rxe2 Rxe2 23. Qd3 Qe5 24. Qxe2 {Normal} 1-0

[Event "Rated Blitz game"]
[Site "?"]
[Date "2021.07.27"]
[Round "?"]
[White "Kh777alaagha"]
[Black "blastol"]
[Result "0-1"]
[WhiteElo "2395"]
[BlackElo "2464"]
[PlyCount "94"]
[EventDate "2021.??.??"]
[EventType "blitz"]

1. e4 e5 2. Nf3 d5 3. exd5 Bd6 4. d3 f5 5. c4 Nf6 6. Nc3 O-O 7. Be2 Qe8 8. Bg5
Qg6 9. Bxf6 Rxf6 10. Bf1 Na6 11. Qd2 e4 12. Nd4 Qg4 13. h3 Qh4 14. g3 Qh5 15.
Be2 Qe8 16. Ndb5 exd3 17. Qxd3 Nc5 18. Qd2 f4 19. Nxd6 cxd6 20. g4 f3 21. O-O-O
fxe2 22. Rde1 Rxf2 23. Rxe2 Rxe2 24. Nxe2 Qe4 25. Rf1 Nd3+ 26. Kd1 Qg2 27. Rg1
Qxh3 28. Rg3 Qf1+ 29. Kc2 Ne1+ 30. Kb3 Bd7 31. Rg1 Qf3+ 32. Nc3 Nd3 33. g5 Bf5
34. a4 Rc8 35. a5 Nc5+ 36. Kb4 Na6+ 37. Kb3 Nc5+ 38. Kb4 Ne4 39. Nxe4 Qxe4 40.
b3 b5 41. axb6 axb6 42. Re1 Qg4 43. Re7 Qg1 44. Qe3 Qa1 45. Re8+ Kf7 46. Qe7+
Kg6 47. Rxc8 Qa5# {Normal} 0-1

[Event "Rated Blitz game"]
[Site "?"]
[Date "2021.07.27"]
[Round "?"]
[White "Treil83"]
[Black "blastol"]
[Result "1/2-1/2"]
[WhiteElo "2391"]
[BlackElo "2400"]
[PlyCount "120"]
[EventDate "2021.??.??"]
[EventType "blitz"]

1. e4 e5 2. Nf3 d5 3. Nxe5 Bd6 4. d4 dxe4 5. Nc4 h6 6. Nc3 Nf6 7. Ne3 O-O 8.
Bc4 Nc6 9. O-O Nxd4 10. Ned5 Nc6 11. Nxf6+ Qxf6 12. Nxe4 Bxh2+ 13. Kxh2 Qh4+
14. Kg1 Qxe4 15. Bd5 Qg6 16. Be3 Bf5 17. Qf3 Ne5 18. Qf4 c6 19. Qxe5 cxd5 20.
c3 Bd3 21. Rfe1 Be4 22. Qh2 f5 23. Bf4 Qg4 24. Re3 g5 25. Rg3 Qxf4 26. Qxh6 Kf7
27. Rxg5 Qe5 28. Qh7+ Ke8 29. Re1 Qe7 30. Qxe7+ Kxe7 31. f3 Kf6 32. Rh5 Kg6 33.
Rh4 Bd3 34. Re7 Rf7 35. Rxf7 Kxf7 36. Rh7+ Kf6 37. Rxb7 a6 38. Kf2 Re8 39. Rb6+
Re6 40. Rxe6+ Kxe6 41. Ke3 Bb5 42. Kf4 Bd7 43. g4 fxg4 44. fxg4 Kf6 45. g5+ Kg6
46. Ke5 Bc6 47. Kd6 Ba8 48. Kc7 d4 49. cxd4 Bd5 50. Kb6 Bc4 51. Kc5 Bxa2 52. d5
Kxg5 53. d6 Be6 54. Kc6 Kf6 55. d7 Bxd7+ 56. Kxd7 Ke5 57. Kc6 Kd4 58. Kb6 Kc4
59. Kxa6 Kb3 60. Kb6 Kxb2 {Normal} 1/2-1/2

[Event "Rated Blitz game"]
[Site "?"]
[Date "2021.07.27"]
[Round "?"]
[White "Jejeishirov"]
[Black "blastol"]
[Result "0-1"]
[WhiteElo "2428"]
[BlackElo "2405"]
[PlyCount "44"]
[EventDate "2021.??.??"]
[EventType "blitz"]

1. e4 e5 2. Nf3 d5 3. exd5 Bd6 4. d4 e4 5. Ne5 Nf6 6. Bg5 O-O 7. c4 Re8 8. Be2
h6 9. Bf4 Nbd7 10. Nxd7 Bxf4 11. Nxf6+ Qxf6 12. O-O e3 13. fxe3 Bxe3+ 14. Kh1
Qxd4 15. Bd3 Qxb2 16. Qf3 Re7 17. Na3 Qxa3 18. Rad1 Bd7 19. Bb1 Qc5 20. Rd3
Rae8 21. Rdd1 Qxc4 22. Bd3 Qg4 {Normal} 0-1

[Event "Rated Blitz game"]
[Site "?"]
[Date "2021.07.27"]
[Round "?"]
[White "Evgeny_Pristalov"]
[Black "annaly1979"]
[Result "1-0"]
[WhiteElo "2459"]
[BlackElo "2392"]
[PlyCount "101"]
[EventDate "2021.??.??"]
[EventType "blitz"]

1. e4 e5 2. Nf3 d5 3. exd5 e4 4. Qe2 f5 5. d3 Nf6 6. Nc3 Bb4 7. Bd2 Bxc3 8.
Bxc3 O-O 9. dxe4 fxe4 10. Ne5 Nbd7 11. O-O-O Nxe5 12. Bxe5 Re8 13. Bg3 Bg4 14.
f3 exf3 15. Qc4 fxg2 16. Bxg2 Bxd1 17. Rxd1 Kh8 18. Bxc7 Qd7 19. d6 Rac8 20.
Bxb7 h6 21. Bc6 Qf5 22. Bxe8 Rxe8 23. Qc6 Qf4+ 24. Kb1 Qg4 25. Rc1 Re2 26. a3
Rd2 27. Bd8 Nd7 28. Re1 Kh7 29. Be7 Nb6 30. Qe4+ Qxe4 31. Rxe4 Kg6 32. c4 Kf7
33. c5 Nc8 34. Ka2 a5 35. Kb3 Rd5 36. Kc4 Rd2 37. b4 axb4 38. axb4 g5 39. b5
Rc2+ 40. Kd5 Na7 41. b6 Rd2+ 42. Kc4 Nc6 43. Kb5 Nb8 44. Rb4 Ke6 45. c6 Rd5+
46. Kc4 Nxc6 47. Rb1 Rd4+ 48. Kc5 Re4 49. Kxc6 Rc4+ 50. Kb5 Rc2 51. b7 {Normal}
1-0

[Event "Rated Blitz game"]
[Site "?"]
[Date "2021.07.27"]
[Round "?"]
[White "The_Princess_Moon"]
[Black "blastol"]
[Result "0-1"]
[WhiteElo "2374"]
[BlackElo "2400"]
[PlyCount "34"]
[EventDate "2021.??.??"]
[EventType "blitz"]

1. e4 e5 2. Nf3 d5 3. Nc3 dxe4 4. Nxe4 f5 5. Ng3 e4 6. Ne5 Nf6 7. d4 Bd6 8. f4
exf3 9. Qxf3 Qe7 10. Bf4 Nc6 11. O-O-O O-O 12. Nxc6 bxc6 13. Bc4+ Kh8 14. Rhe1
Bxf4+ 15. Qxf4 Qb4 16. Bb3 Nd5 17. Qg5 h6 {Time forfeit} 0-1

[Event "Rated Blitz game"]
[Site "?"]
[Date "2021.07.27"]
[Round "?"]
[White "DBonhoeffer"]
[Black "GrandeGila"]
[Result "0-1"]
[WhiteElo "2348"]
[BlackElo "2482"]
[PlyCount "130"]
[EventDate "2021.??.??"]
[EventType "blitz"]

1. e4 e5 2. Nf3 d5 3. Nxe5 Bd6 4. d4 dxe4 5. Nc4 Nc6 6. c3 Nf6 7. Bg5 Be7 8.
Ne3 O-O 9. Nd2 Re8 10. Qc2 h6 11. Bxf6 Bxf6 12. Nxe4 Bf5 13. Nxf6+ Qxf6 14. Qd2
Rad8 15. O-O-O Be4 16. Bd3 Bxd3 17. Qxd3 Qxf2 18. Rhe1 Ne5 19. Qd2 Qh4 20. g4
Nf3 21. Nf5 Qxg4 22. Rxe8+ Rxe8 23. Qd3 Qf4+ 24. Kb1 Nxh2 25. a4 Nf3 26. Ka2 c6
27. Rf1 Ne1 28. Qh3 Qg5 29. c4 Nc2 30. Nd6 Nb4+ 31. Ka1 Rf8 32. Nxb7 Nc2+ 33.
Ka2 Nxd4 34. Qd7 Qg6 35. Nd6 Ne6 36. Qxc6 Nd8 37. Qd5 Qe6 38. Qc5 a6 39. Rg1
Qd7 40. b3 Nb7 41. Nxb7 Qxb7 42. Qd4 f6 43. Qf4 Kh8 44. Rg6 Qf7 45. Rxh6+ gxh6
46. Qxh6+ Kg8 47. Qd2 f5 48. Qg2+ Qg7 49. Qh3 f4 50. Qe6+ Kh7 51. Qxa6 f3 52.
c5 f2 53. Qf1 Qg1 54. Qh3+ Kg6 55. Qe6+ Rf6 56. Qe4+ Kg5 57. Qe3+ Rf4 58. Qe7+
Kg4 59. Qg7+ Kf3 60. Qc3+ Kg2 61. Qg7+ Kf1 62. Qa1+ Kg2 63. Qg7+ Kf3 64. Qc3+
Kg4 65. Qg7+ Kh3 {Time forfeit} 0-1

[Event "Rated Blitz game"]
[Site "?"]
[Date "2021.07.27"]
[Round "?"]
[White "Comanchero8"]
[Black "Maltinho"]
[Result "0-1"]
[WhiteElo "2502"]
[BlackElo "2519"]
[PlyCount "70"]
[EventDate "2021.??.??"]
[EventType "blitz"]

1. e4 e5 2. Nf3 d5 3. exd5 Bd6 4. Nc3 Nf6 5. d4 e4 6. Ne5 O-O 7. Bf4 a6 8. a4
Bb4 9. Bc4 Bxc3+ 10. bxc3 Nxd5 11. Bd2 Be6 12. O-O f6 13. Bxd5 Qxd5 14. Ng4 Nd7
15. Ne3 Qd6 16. Rb1 b6 17. f3 f5 18. fxe4 fxe4 19. Qh5 Nf6 20. Qh4 Qc6 21. a5
b5 22. Rf2 Qd6 23. Rbf1 c5 24. Nf5 Bxf5 25. Rxf5 cxd4 26. Bf4 Qe6 27. Be5 d3
28. Bxf6 Rxf6 29. Rxf6 gxf6 30. Rxf6 Qe5 31. Qg4+ Kh8 32. Rf5 dxc2 33. Rxe5
c1=Q+ 34. Kf2 Rf8+ 35. Kg3 Rg8 {Normal} 0-1